Igaz történet

Bibliographic Details
Main Author: Kulcsár, Ferenc, 1949-2018 (Author)
Format: Article
Language:Hungarian
Slovak
ISSN:1335-6631
Subjects:

MARC

LEADER 00000nab a2200000 ar4500
001 vtls008622520
003 SK-MaSNL
005 20260303071735.0
008 051227c2005 xo |||||||| 000 b|hun
015 |a SNBRB2005/12  |2 snkbucl 
038 |a SNKBUCL 
040 |a DSZK  |b slo  |c DSZK  |e AACR2 
041 0 |a slo 
044 |a xo  |c SK 
080 |a 821.511.141 (437.6)-32=511.141  |2 UDC-MRF-SK2 
100 1 |a Kulcsár, Ferenc,  |d 1949-2018  |4 aut  |9 173838 
245 1 0 |a Igaz történet  |c Kulcsár Ferenc 
650 0 7 |a mystika  |2 snkbucl  |9 1827 
773 0 |t Szabad újság  |g Évf. XIII, sz. 51 (2005), o. 3  |x 1335-6631 
852 |a SNK  |b KIS3GCP 
852 |a DSZK  |b KIS3GCP 
958 |a HU 
958 |a SK 
958 |a LX 
999 |c 1761250  |d 1763180